| 000 | 00540cam a2200193ua 4500 | ||
|---|---|---|---|
| 001 | 6697 | ||
| 005 | 20260515114106.0 | ||
| 008 | 140308n ii |||gr||||Z||||||eng | ||
| 040 | _cMAIN | ||
| 082 | _a657.45 | ||
| 245 |
_aPrinciples of auditing : _ba practical manual for students and practitioners / _cBy F.R.M. de Paula . |
||
| 250 | _a13th ed. | ||
| 260 |
_aLondon: _bEnglish language book society, _c1966. |
||
| 300 | _axxi,425p. | ||
| 653 | _aAccounting | ||
| 653 | _aAuditing | ||
| 700 |
_aPaula,F.R.M. de, _eAuthor. |
||
| 942 | _cBK | ||
| 999 |
_c5840 _d5840 |
||